guess the number - Statistics

General Stats
  • This quiz has been taken 18 times
  • The average score is 14 of 15
Answer Stats
Hint Answer % Correct
type yes yes
100%
yes yes
100%
yes yes
100%
yes yes
100%
yes yes
100%
yes yes
100%
yes yes
100%
yes yes
100%
and some no no
94%
no no
94%
no no
94%
no no
94%
no no
94%
no no
94%
its somewhere 47000
13%
No matching quizzes found
Score Distribution
Percent of People with Each Score
Percentile by Number Answered
Your Score History
You have not taken this quiz